[Event "Zone 4.3 Championships 2013"]
[Site "Oasis Motel, Gaborone"]
[Date "2013.05.07"]
[Round "7"]
[Board "6"]
[White "Chaka, Jona"]
[Black "Klaasen, Calvin Jong"]
[Result "0-1"]
[WhiteElo "2156"]
[BlackElo "2131"]
[PlyCount "66"]
[EventDate "2013.05.01"]
[EventRounds "9"]
[EventCountry "BOT"]

1. e4 c5 2. Nf3 Nc6 3. d4 cxd4 4. Nxd4 e6 5. Nc3 Qc7 6. Be2 a6 7. O-O Nf6 8.
Bg5 Be7 9. Kh1 Ng4 10. Bxg4 Bxg5 11. f4 Bxf4 12. Nxc6 dxc6 13. Qf3 Bxh2 14. e5
Bxe5 15. Rae1 Bxc3 16. Qxc3 O-O 17. Re3 e5 18. Bxc8 Raxc8 19. Rxe5 Rce8 20.
Rfe1 Re6 21. g3 Qd7 22. Qc5 h6 23. Kg2 Rfe8 24. Rxe6 Rxe6 25. Rxe6 fxe6 26. Kh2
Kh7 27. a3 b5 28. Qe3 Qd5 29. b3 Qf5 30. c3 e5 31. Qc5 Qe6 32. Kg1 Qd5 33. Qe3
e4 0-1